000 00666nam a22002417a 4500
008 130512b xxu||||| |||| 00| 0 eng d
024 _cAvailable
037 _cAvailable
040 _aMBSTU LIBRARY
_dMBSTU LIBRARY
082 _222
_a428 HUW
100 _aHussain, S.M.Zakir.
245 _aWord laeanig magic book-3
250 _a4th
260 _aDhaka
_bRohel Publicagion
_c2003
300 _a18 cm.
_b296 page
_f6
_g18 cm.
600 _aStandard english.
650 _2Standard english.
700 _aHussain, S.M.Zakir.
270 _aDhaka
_bDhaka
_dBangladesh
365 _b100.00
_d100.00
942 _2ddc
_cBK
999 _c351
_d351